[Event "Titled Tuesday intern op 09th Jan Early"]
[Site "Chess.com INT"]
[Date "2024.01.09"]
[Round "6"]
[White "Narayanan, Sunilduth Lyna"]
[Black "Lagarde, Maxime"]
[Result "0-1"]
[WhiteElo "2694"]
[BlackElo "2642"]
[PlyCount "90"]
[EventDate "2024.01.09"]
[EventType "swiss (blitz)"]
[EventRounds "11"]
[EventCountry "USA"]
[SourceTitle "CB03_2024"]
[SourceDate "2024.01.17"]
[SourceVersion "1"]
[SourceVersionDate "2024.01.17"]
[SourceQuality "1"]

1. b3 e5 2. Bb2 Nc6 3. c4 Nf6 4. Nf3 e4 5. Nd4 Bc5 6. Nf5 g6 7. Ng3 0-0 8. e3 Re8 9. Nc3 h5 10. h4 d6 11. Na4 Ne5 12. Nxc5 dxc5 13. Qc2 Bg4 14. Bxe5 Rxe5 15. Be2 Bxe2 16. Nxe2 Qd6 17. Nf4 a5 18. a4 Rf5 19. 0-0-0 Rxf4 20. exf4 Qxf4 21. f3 exf3 22. gxf3 Rd8 23. Qc3 b6 24. Rde1 Rd4 25. Re3 Kg7 26. Rd3 Nd7 27. Re3 Ne5 28. Rhe1 Nc6 29. Re4 Qf6 30. R1e3 Nb4 31. Kd1 Kh7 32. Re7 Nc6 33. Rxc7 Ne5 34. Re4 Nxf3 35. Rxd4 Nxd4 36. Qd3 Kg7 37. Kc1 Qxh4 38. Qe3 Qf6 39. Rc8 h4 40. Qe8 Nxb3+ 41. Kb1 Kh6 42. Qe3+ g5 43. Rg8 Qa1+ 44. Kc2 Nd4+ 45. Kd3 Qb1+ 0-1

[Event "Titled Tuesday intern op 09th Jan Early"]
[Site "Chess.com INT"]
[Date "2024.01.09"]
[Round "5"]
[White "Schnaider, Ilan"]
[Black "Narayanan, Sunilduth Lyna"]
[Result "0-1"]
[WhiteElo "2323"]
[BlackElo "2694"]
[PlyCount "74"]
[EventDate "2024.01.09"]
[EventType "swiss (blitz)"]
[EventRounds "11"]
[EventCountry "USA"]
[SourceTitle "CB03_2024"]
[SourceDate "2024.01.17"]
[SourceVersion "1"]
[SourceVersionDate "2024.01.17"]
[SourceQuality "1"]

1. e4 c5 2. Nf3 b6 3. Nc3 Bb7 4. d4 cxd4 5. Nxd4 a6 6. Be3 e6 7. a3 Nf6 8. f3 d6 9. Be2 Nbd7 10. 0-0 Be7 11. Qd2 0-0 12. Rad1 Rc8 13. Nb3 b5 14. a4 b4 15. Na2 d5 16. exd5 Nxd5 17. Bf2 Qc7 18. c3 bxc3 19. Nxc3 Nxc3 20. bxc3 Nc5 21. Nxc5 Bxc5 22. Qd7 Bxf2+ 23. Rxf2 g6 24. Bf1 a5 25. Bb5 Rfd8 26. Rfd2 Rxd7 27. Rxd7 Qb6+ 28. Kh1 Bd5 29. c4 Bxc4 30. Rc1 Qe3 31. Rdd1 Qa3 32. Rxc4 Rxc4 33. Bxc4 Qxa4 34. Be2 Qb3 35. Ra1 a4 36. Bd1 Qc3 37. Rxa4 Qe1# 0-1

[Event "Titled Tuesday intern op 09th Jan Early"]
[Site "Chess.com INT"]
[Date "2024.01.09"]
[Round "8"]
[White "Shohat, Yotam"]
[Black "Narayanan, Sunilduth Lyna"]
[Result "1-0"]
[WhiteElo "2328"]
[BlackElo "2694"]
[PlyCount "83"]
[EventDate "2024.01.09"]
[EventType "swiss (blitz)"]
[EventRounds "11"]
[EventCountry "USA"]
[SourceTitle "CB03_2024"]
[SourceDate "2024.01.17"]
[SourceVersion "1"]
[SourceVersionDate "2024.01.17"]
[SourceQuality "1"]

1. e4 g6 2. d4 Bg7 3. Nc3 a6 4. f4 b5 5. Nf3 Bb7 6. Bd3 d6 7. a4 b4 8. Ne2 c5 9. c3 Nf6 10. Ng3 h5 11. e5 Nd5 12. h4 e6 13. Ne4 0-0 14. Nxd6 Bc6 15. Bd2 bxc3 16. bxc3 cxd4 17. cxd4 Nd7 18. 0-0 a5 19. Rb1 N7b6 20. Ng5 Bxa4 21. Qf3 Bc6 22. Rfc1 Qd7 23. Rxb6 Nxb6 24. Rxc6 Nd5 25. Rc1 a4 26. g4 a3 27. gxh5 a2 28. Ra1 Qxd6 29. exd6 Bxd4+ 30. Kh2 Bxa1 31. hxg6 Ra7 32. gxf7+ Rfxf7 33. Nxf7 Rxf7 34. Bc4 Be5 35. Bxa2 Nxf4 36. Kh1 Bxd6 37. Qg4+ Kf8 38. Bxf4 Rxf4 39. Qxe6 Bb4 40. Qg8+ Ke7 41. Qg5+ Rf6 42. Qe5+ 1-0

[Event "Wch Blitz"]
[Site "Samarkand"]
[Date "2023.12.30"]
[Round "16"]
[White "Narayanan, Sunilduth Lyna"]
[Black "Tsydypov, Zhamsaran"]
[Result "1-0"]
[WhiteElo "2677"]
[BlackElo "2530"]
[PlyCount "75"]
[EventDate "2023.12.29"]
[EventType "swiss (blitz)"]
[EventRounds "21"]
[EventCountry "UZB"]
[SourceTitle "CB01_2024"]
[SourceDate "2024.01.03"]
[SourceVersion "1"]
[SourceVersionDate "2024.01.03"]
[SourceQuality "1"]

1. d4 Nf6 2. c4 g6 3. Nc3 Bg7 4. e4 d6 5. h3 0-0 6. Be3 e5 7. d5 Na6 8. Be2 Nc5 9. Qc2 a5 10. Nf3 Ne8 11. g4 f5 12. gxf5 gxf5 13. Rg1 Kh8 14. 0-0-0 f4 15. Bxc5 dxc5 16. Rg2 Ra6 17. Rdg1 Qe7 18. Ng5 Bh6 19. Nf3 Raf6 20. Kb1 Nd6 21. a3 Bxh3 22. Rh2 Bd7 23. Rh5 Nf7 24. Nh2 Rg6 25. Rh1 Rg5 26. Rxg5 Qxg5 27. Qd1 Rg8 28. Bh5 Nd6 29. Be2 Rg6 30. Nf3 Qf6 31. Nh2 Rg2 32. Bg4 Nxc4 33. Bxd7 Rxf2 34. Ng4 Rxb2+ 35. Ka1 Qg5 36. Nxh6 Qg6 37. Rg1 Qxh6 38. Be6 1-0

[Event "Wch Blitz"]
[Site "Samarkand"]
[Date "2023.12.30"]
[Round "21"]
[White "Narayanan, Sunilduth Lyna"]
[Black "Vokhidov, Shamsiddin"]
[Result "1/2-1/2"]
[WhiteElo "2677"]
[BlackElo "2596"]
[PlyCount "95"]
[EventDate "2023.12.29"]
[EventType "swiss (blitz)"]
[EventRounds "21"]
[EventCountry "UZB"]
[SourceTitle "CB01_2024"]
[SourceDate "2024.01.03"]
[SourceVersion "1"]
[SourceVersionDate "2024.01.03"]
[SourceQuality "1"]

1. d4 Nf6 2. c4 e6 3. Nf3 d5 4. Nc3 Bb4 5. e3 0-0 6. a3 Bxc3+ 7. bxc3 c5 8. a4 Qa5 9. Qc2 cxd4 10. exd4 Nc6 11. cxd5 exd5 12. Bd3 Re8+ 13. Be3 Bg4 14. Ne5 Nxe5 15. dxe5 Rxe5 16. 0-0 Rh5 17. f3 Bd7 18. Bd4 Qd8 19. a5 Ne8 20. Qf2 Nc7 21. Rfe1 Bb5 22. Bc2 Ne6 23. Bxa7 Rc8 24. Bd4 Qc7 25. g4 Nxd4 26. cxd4 Rh6 27. Bf5 Rd8 28. Qd2 Rc6 29. Rac1 g6 30. Rxc6 Qxc6 31. Bb1 Rc8 32. Ba2 Bc4 33. Bxc4 dxc4 34. Qc3 Qd6 35. Re5 h6 36. Kg2 Qd7 37. h4 Qd6 38. h5 g5 39. Re4 Qf6 40. Re5 Qd6 41. Re4 Qd7 42. Re5 Qd6 43. Re4 Qf6 44. Re5 Qf4 45. Re4 Qd6 46. Re5 Qd7 47. Re4 Qd6 48. Re5 1/2-1/2

[Event "Wch Blitz"]
[Site "Samarkand"]
[Date "2023.12.29"]
[Round "4"]
[White "Narayanan, Sunilduth Lyna"]
[Black "Martirosyan, Haik M"]
[Result "1-0"]
[WhiteElo "2677"]
[BlackElo "2678"]
[PlyCount "101"]
[EventDate "2023.12.29"]
[EventType "swiss (blitz)"]
[EventRounds "21"]
[EventCountry "UZB"]
[SourceTitle "CB01_2024"]
[SourceDate "2024.01.03"]
[SourceVersion "1"]
[SourceVersionDate "2024.01.03"]
[SourceQuality "1"]

1. e4 c5 2. Nf3 Nc6 3. Bb5 e6 4. Bxc6 bxc6 5. d3 Ne7 6. h4 d6 7. h5 e5 8. Nh2 Ng8 9. Qf3 Be6 10. Nc3 Qd7 11. g4 h6 12. Nd1 Be7 13. Ne3 g6 14. Bd2 0-0-0 15. b3 Nf6 16. 0-0-0 d5 17. Ba5 Rdg8 18. Kb1 d4 19. Nf5 gxf5 20. gxf5 Bd5 21. Rde1 Bd6 22. Nf1 Rg4 23. Ng3 Kb7 24. Ka1 Ka6 25. Bd2 Rgg8 26. c4 dxc3 27. Bxc3 Re8 28. Rc1 Kb7 29. Bd2 Qd8 30. Rc2 Ka8 31. Rhc1 Bxb3 32. axb3 Qb6 33. Rb2 Rd8 34. Rc4 Be7 35. Bc3 Nd7 36. Ra4 Rb8 37. Nf1 Bg5 38. Nd2 Bxd2 39. Bxd2 Rhg8 40. Ka2 Rg1 41. Bxh6 c4 42. dxc4 c5 43. Be3 Qc6 44. h6 Nb6 45. Ra5 Nxc4 46. bxc4 Rxb2+ 47. Kxb2 Qb6+ 48. Rb5 Qa6 49. Bc1 Qd6 50. Qe3 Qd1 51. Qd2 1-0

[Event "Wch Blitz"]
[Site "Samarkand"]
[Date "2023.12.29"]
[Round "11"]
[White "Svidler, Peter"]
[Black "Narayanan, Sunilduth Lyna"]
[Result "1/2-1/2"]
[WhiteElo "2689"]
[BlackElo "2677"]
[PlyCount "82"]
[EventDate "2023.12.29"]
[EventType "swiss (blitz)"]
[EventRounds "21"]
[EventCountry "UZB"]
[SourceTitle "CB01_2024"]
[SourceDate "2024.01.03"]
[SourceVersion "1"]
[SourceVersionDate "2024.01.03"]
[SourceQuality "1"]

1. Nf3 c5 2. e4 d6 3. Bb5+ Nd7 4. 0-0 a6 5. Bd3 Ngf6 6. c3 g6 7. Bc2 Bg7 8. d4 0-0 9. h3 Qc7 10. Re1 e5 11. dxe5 Nxe5 12. Nxe5 dxe5 13. c4 Be6 14. Qe2 b5 15. Bb3 Rfd8 16. Nc3 bxc4 17. Bxc4 Bxc4 18. Qxc4 Rd4 19. Qe2 h6 20. Be3 Rb4 21. Qc2 c4 22. Rad1 Rab8 23. Bc1 Bf8 24. g3 Bc5 25. Kg2 Bd4 26. Re2 Qb7 27. Nb1 Bxb2 28. Bd2 c3 29. Nxc3 Bxc3 30. Bxc3 Rxe4 31. Rxe4 Nxe4 32. f3 Nxc3 33. Qxc3 e4 34. Rd2 exf3+ 35. Qxf3 Qc7 36. h4 h5 37. Rf2 a5 38. Qd5 Qe7 39. Qxa5 Qe4+ 40. Kh2 Qd4 41. Qd2 Qxd2 1/2-1/2

[Event "Sant Boi de Llobregat op 4th"]
[Site "Sant Boi de Llobregat"]
[Date "2023.12.03"]
[Round "4"]
[White "Narayanan, Sunilduth Lyna"]
[Black "Kozak, Adam"]
[Result "1-0"]
[WhiteElo "2677"]
[BlackElo "2588"]
[PlyCount "91"]
[EventDate "2023.11.30"]
[EventType "swiss"]
[EventRounds "9"]
[EventCountry "ESP"]
[SourceTitle "CB50_2023"]
[SourceDate "2023.12.13"]
[SourceVersion "1"]
[SourceVersionDate "2023.12.13"]
[SourceQuality "1"]

1. c4 e6 2. Nc3 b6 3. d4 Bb4 4. e4 Bb7 5. f3 Bxc3+ 6. bxc3 Ne7 7. Bd3 f5 8. Nh3 0-0 9. exf5 Nxf5 10. 0-0 Nc6 11. Qc2 h6 12. Qe2 Qf6 13. Bf4 d6 14. Rae1 Rae8 15. Bd2 e5 16. d5 Na5 17. g4 Qh4 18. Qg2 Ne7 19. g5 Kh8 20. Re4 Qh5 21. Be1 Qg6 22. Bg3 Bc8 23. gxh6 gxh6 24. Rh4 Bf5 25. Be2 Qg7 26. f4 Ng6 27. Rh5 Be4 28. Qxe4 exf4 29. Qd3 fxg3 30. Rxf8+ Nxf8 31. hxg3 Nb7 32. Nf2 Nc5 33. Qf3 Nh7 34. Ng4 Ne4 35. Rxh6 Neg5 36. Qd3 Ne4 37. Kg2 Re7 38. Bf3 Neg5 39. Rg6 Qf8 40. Qd4+ Rg7 41. Be2 Qf7 42. Rh6 Kg8 43. Rh1 Qe8 44. Bd3 c5 45. Qf4 Qe7 46. Nh6+ 1-0

[Event "FIDE Grand Swiss"]
[Site "Douglas"]
[Date "2023.10.28"]
[Round "4"]
[White "Yu, Yangyi"]
[Black "Narayanan, Sunilduth Lyna"]
[Result "1-0"]
[WhiteElo "2720"]
[BlackElo "2651"]
[PlyCount "61"]
[EventDate "2023.10.25"]
[EventType "swiss"]
[EventRounds "11"]
[EventCountry "IOM"]
[SourceTitle "Mega2024 Update 01"]
[Source "Chessbase"]
[SourceDate "2023.11.12"]
[SourceVersion "1"]
[SourceVersionDate "2023.11.12"]
[SourceQuality "1"]

1. e4 e5 2. Nf3 Nc6 3. Bc4 Bc5 4. d3 Nf6 5. 0-0 d6 6. c3 Bb6 7. Nbd2 0-0 8. Bb3 Ne7 9. Nh4 d5 10. exd5 Bg4 11. Nhf3 Nfxd5 12. h3 Bh5 13. g4 Bg6 14. Nxe5 Nf4 15. Ndc4 Nxd3 16. Bg5 Re8 17. Nxg6 hxg6 18. Nxb6 cxb6 19. Qf3 Ne5 20. Qe4 Qc7 21. Rfe1 N7c6 22. Rad1 b5 23. Bd5 Kh7 24. b3 Rac8 25. Kg2 Nd7 26. Qf3 Rxe1 27. Rxe1 Qd6 28. Rd1 Nce5 29. Qg3 Qc5 30. f4 Re8 31. fxe5 1-0

[Event "Qatar Masters op"]
[Site "Doha"]
[Date "2023.10.18"]
[Round "7"]
[White "Narayanan, Sunilduth Lyna"]
[Black "Sindarov, Javokhir"]
[Result "1/2-1/2"]
[WhiteElo "2651"]
[BlackElo "2658"]
[PlyCount "60"]
[EventDate "2023.10.11"]
[EventType "swiss"]
[EventRounds "9"]
[EventCountry "QAT"]
[SourceTitle "Mega2024 Update 01"]
[Source "Chessbase"]
[SourceDate "2023.11.12"]
[SourceVersion "1"]
[SourceVersionDate "2023.11.12"]
[SourceQuality "1"]

1. Nf3 Nf6 2. c4 b6 3. d4 Bb7 4. g3 g6 5. Bg2 Bg7 6. 0-0 0-0 7. d5 Na6 8. Nc3 Nc5 9. Re1 e6 10. Be3 Nfe4 11. Nxe4 Nxe4 12. Bd4 c5 13. dxc6 dxc6 14. Bxg7 Kxg7 15. Qc2 c5 16. Ne5 Qd4 17. Ng4 Nd6 18. Bxb7 Nxb7 19. e4 Qd8 20. Rad1 Qc7 21. Rd3 Rad8 22. Qd2 f6 23. Qh6+ Kg8 24. Red1 Rxd3 25. Rxd3 Na5 26. Qh4 Kg7 27. Qh6+ Kg8 28. Qh4 Kg7 29. Qh6+ Kg8 30. Qh4 Kg7 1/2-1/2

[Event "ESP-chT CECLUB Honor"]
[Site "Linares"]
[Date "2023.09.22"]
[Round "7.3"]
[White "Shevchenko, Kirill"]
[Black "Narayanan, Sunilduth Lyna"]
[Result "1/2-1/2"]
[WhiteElo "2677"]
[BlackElo "2654"]
[PlyCount "61"]
[EventDate "2023.09.16"]
[EventType "team-tourn"]
[EventRounds "7"]
[EventCountry "ESP"]
[SourceTitle "EXT 2024"]
[Source "ChessBase"]
[SourceDate "2023.10.10"]
[SourceVersion "1"]
[SourceVersionDate "2023.10.10"]
[SourceQuality "1"]
[WhiteTeam "Jaime Casas"]
[BlackTeam "Casablanca MyInvestor"]
[WhiteTeamCountry "ESP"]
[BlackTeamCountry "ESP"]

1. e4 e5 2. Nf3 Nc6 3. Bc4 Bc5 4. c3 Nf6 5. d4 exd4 6. e5 d5 7. Bb5 Ne4 8. cxd4 Bb4+ 9. Bd2 0-0 10. 0-0 Be7 11. h3 a6 12. Bxc6 bxc6 13. Be3 Rb8 14. Qc1 Bf5 15. Nfd2 c5 16. Nxe4 dxe4 17. Rd1 cxd4 18. Rxd4 Qe8 19. Nc3 Bc5 20. Rxe4 Bxe4 21. Bxc5 Bxg2 22. Bxf8 Ba8 23. Ba3 Qc6 24. Kf1 Qh1+ 25. Ke2 Qf3+ 26. Ke1 Re8 27. Bc5 Rd8 28. Qg5 Qh1+ 29. Ke2 Qf3+ 30. Ke1 Qh1+ 31. Ke2 1/2-1/2